| 000 | 01250pam a2200373 i 4500 | ||
|---|---|---|---|
| 001 | 4582022 | ||
| 003 | SISC | ||
| 005 | 20160331075022.0 | ||
| 008 | 751203s1976 mnua b 001 0 eng | ||
| 010 | _a 75043682 | ||
| 020 |
_a0829900683 : _c$9.95 |
||
| 040 |
_aDLC _cDLC _dDLC |
||
| 043 | _aew----- | ||
| 050 | 0 | 0 |
_aJF 51 _b.R56 1976 |
| 082 | 0 | 0 |
_aHS 309.14 _bR74 1976 |
| 100 | 1 |
_aRothman, Stanley, _d1927- _911293 |
|
| 245 | 1 | 0 |
_aEuropean society and politics : _bBritain, France, and Germany / _cStanley Rothman, Howard Scarrow, Martin Schain. |
| 260 |
_aSt. Paul : _bWest Pub. Co., _cc1976. |
||
| 300 |
_ax, 423 p. : _bill. ; _c25 cm. |
||
| 500 | _aRev. and abbreviated ed. | ||
| 500 | _aIncludes index. | ||
| 504 | _aBibliography: p. 389-403. | ||
| 526 | _c1110L to 1700L | ||
| 562 | _eFor circulation. One copy available in the collection. | ||
| 650 | 0 |
_aComparative government. _911278 |
|
| 651 | 0 |
_aEurope _xPolitics and government. _911294 |
|
| 651 | 0 |
_aEurope _xSocial conditions. _911295 |
|
| 700 | 1 |
_aScarrow, Howard, _d1928- _ejoint author. _911296 |
|
| 700 | 1 |
_aSchain, Martin, _d1940- _ejoint author. _911297 |
|
| 906 |
_a7 _bcbc _corignew _d1 _eocip _f19 _gy-gencatlg |
||
| 942 |
_2lcc _cBK |
||
| 999 |
_c8810 _d8810 |
||